Normal view
MARC view
- برامج الحواسيب-الحواسي-الحوسبة
Entry Topical Term
001 - CONTROL NUMBER
- control field: 27780
003 - CONTROL NUMBER IDENTIFIER
- control field: JO-AjAnu
005 - DATE AND TIME OF LATEST TRANSACTION
- control field: 20230606074720.0
008 - FIXED-LENGTH DATA ELEMENTS
- fixed length control field: 230606|| aca||aabn | a|a d
040 ## - CATALOGING SOURCE
- Original cataloging agency: JO-AjAnu
- Transcribing agency: JO-AjAnu
150 ## - HEADING--TOPICAL TERM
- Topical term or geographic name entry element: برامج الحواسيب-الحواسي-الحوسبة
670 ## - SOURCE DATA FOUND
- Source citation: Work cat.: (JO-AjAnu)14264: غانم، محمد محمود محمد , author 27779, المهارات التقدمة باستخدام Exel 2007